LIBRARY & INFORMATION CENTRE, KCAET, TAVANUR

ONLINE PUBLIC ACCESS CATALOGUE (OPAC)

Kinetics of Pre cipitation / (Record no. 3188)

MARC details
000 -LEADER
fixed length control field 00400cam a2200169ua 4500
041 ## - LANGUAGE CODE
Language code of text/sound track or separate title eng
082 ## - DEWEY DECIMAL CLASSIFICATION NUMBER
Classification number 541.394
Item number NIE/KI
100 ## - MAIN ENTRY--AUTHOR NAME
Personal name Nielsen, Arne E .
245 ## - TITLE STATEMENT
Title Kinetics of Pre cipitation /
260 ## - PUBLICATION, DISTRIBUTION, ETC. (IMPRINT)
Place of publication :
Name of publisher Preguman Press ,
Year of publication 1954.
300 ## - PHYSICAL DESCRIPTION
Number of Pages 153 ; .
942 ## - ADDED ENTRY ELEMENTS (KOHA)
Koha item type Books
Holdings
Withdrawn status Lost status Damaged status Home library Current library Date acquired Full call number Accession Number Koha item type
Withdrawn     KAUAET KAUAET 07/04/2012 541.394 NIE/KI 8076 Books
free website counter